Program system Excel - important part of study Finance and Insurance mathematics

Salvato in:
Dettagli Bibliografici
Autore principale: Peller, František
Natura: Capitolo di libro
Lingua:slovacco
Soggetti:
Tags: Aggiungi Tag
Nessun Tag, puoi essere il primo ad aggiungerne!!

MARC

LEADER 00000nla a2200000 4500
001 0190593
005 20240502073215.8
041 0 |a slo 
044 |a SK 
245 1 0 |a Program system Excel - important part of study Finance and Insurance mathematics  |c František Peller 
500 |a Abstrakt 
610 2 0 |a matematika finančná 
610 2 0 |a matematika poistná 
610 2 0 |a programy počítačové 
610 2 0 |a vyučovanie programové 
100 1 |a Peller, František